Statistiques concernant Partenaire de Paper Mario 64

Cliquez ici pour prendre le quiz!

Statistiques générales

  • Ce quiz a été pris 51 fois
  • Le résultat moyen est 6 sur 8

Statistiques - réponses

#Nom du partenaire% Correct
1Goombario
94%
3Bombinette
91%
2Kooper
85%
6Watt
68%
8Lakilester
65%
5Bouh
62%
4Parakarry
62%
7Sushie
62%

Distribution des résultats

Percentile par nombre de réponses

% des personnes avec chaque résultat

Votre développement - résultats

Vous n’avez pas pris ce quiz